Bible Z-A - Statistics

General Stats
  • This quiz has been taken 15 times
    12 since last reset
  • The average score is 17 of 26
Answer Stats
Hint Letter Answer % Correct
What John the Baptist turned wine into, for his last miracle W Water
100%
Last man God created, taken out of Eve's rib A Adam
92%
Was the 1/4 of the population killed when his brother murdered him C Cain
92%
The first King of Israel, father of Saul, killed Samson with a sling D David
92%
Name for people who follow Judaism, language the whole Bible was written in originally H Hebrew
92%
Befriended Jesus for 24 ingots of Iron J Judas Iscariot
92%
Long lost brother of Jesus, who rose Jesus from the dead after three days L Lazarus
92%
Name for the 7th day of the week, where everyone does as much as they can without sleeping S Sabbath
92%
Profession of which all of Jesus' disciples were F Fishermen
83%
Cheap metal Jesus found on the ground as a baby and gave the Magi G Gold
75%
Symbol in the water which God sent as a reminder that he'd happily flood the earth again R Rainbow
75%
Priest who wrote one of the shortest books of the Bible I Isaiah
67%
Apostle of Jesus who knew without doubt that Jesus was risen without proof T Thomas
67%
Berry which Eve and Adam were forced to eat: The Berry of the ________ of Evil and Good K Knowledge
58%
Noodle which grew from the ground to feel the Israelites whenever they were hungry M Manna
58%
Name for the sarcastic fairy tales Jesus told his disciples to irritate them P Parable
58%
Jesus said: 'I am the branches, ya'll are the _____' V Vines
58%
Deep mine people created so they could reach hell, where they though God was B Babel
50%
Unleaven bread, contrary to its name, is a type of drink which is abundant in... Y Yeast
50%
Hairless sister of Jacob, ate his birthright in a stew E Esau
42%
Flightless bird which Abraham sent out of the ark Q Quail
42%
Metropolis in modern-day Antigua and Barbuda, where Abraham was from U Ur
42%
Underwater city which the big Fish transported Jonah to, creating the myth of Atlantis N Nineveh
33%
Major prophet who wrote the longest book of the Bible O Obadiah
33%
Queen of Babylon, who married Mordecai, cousin of Esther X Xerxes
33%
Tall, righteous tax collector who found Jesus on a sycamore tree Z Zacchaeus
33%
No matching quizzes found
Score Distribution
Percent of People with Each Score
Percentile by Number Answered
Your Score History
You have not taken this quiz since the last reset